| 000 | 00624nam a22002057a 4500 | ||
|---|---|---|---|
| 005 | 20260617104315.0 | ||
| 010 | _aENG-148872 | ||
| 020 |
_a9788192075389 _c200.00 |
||
| 035 | _aEN-132404 | ||
| 037 | _bDBAD | ||
| 082 |
_a260 _21 |
||
| 100 |
_aNishter,Nanak Singh _989407 |
||
| 245 |
_aSikh-Muslim Relations/ _cby Nanak Singh, Nishter |
||
| 260 |
_aHyderabad _bInternational Sikh Centre For Interfaith Relations _c2015 |
||
| 270 |
_aSant Bhawan, 15-3-137,Gowliguda Chaman,Hyderabad _bHyderabad _e500012 |
||
| 300 |
_a232p. _c21cm(Pb) |
||
| 700 | _987103 | ||
| 760 | _b1 | ||
| 942 |
_2ddc _cEN _h260 _mNIS |
||
| 999 |
_c216706 _d216706 |
||